000 00464nam a2200157 4500
001 143590
003 ES-MaACL
005 20230906200843.0
007 t|
008 070214s1907 sp r ||||1| spa d
100 1 _aSergi, Giuseppe (
_d1841-1936)
_9105546
245 1 3 _aLa Sardegna
_b: note e comenti di un antropologo /
_cGiuseppe Sergi.
260 _aTorino :
_bVincenzo Bona,
_c1907.
300 _aVIII, 212 p. :
_bil. ;
_c21 cm.
852 _aES-MaACL
_jF-5013
999 _c143590
_d143590